Data structures and algorithms with c++ and java (Record no. 28900)

MARC details
000 -LEADER
fixed length control field 00530nam a2200181Ia 4500
020 ## - INTERNATIONAL STANDARD BOOK NUMBER
ISBN 9789785337128
050 ## - CALL MARK
Classification number QA 76.73 .C153 .S56/
100 ## - STATEMENT OF RESPONSIBILITY--MAIN AUTHOR NAME
Personal name Shola, P. B.
245 #0 - TITLE STATEMENT
Title Data structures and algorithms with c++ and java
260 ## - PUBLICATION, DISTRIBUTION, ETC. (IMPRINT)
Place of publication Ibadan
260 ## - PUBLICATION, DISTRIBUTION, ETC. (IMPRINT)
Name of publisher Georgy Printing Services
260 ## - PUBLICATION, DISTRIBUTION, ETC. (IMPRINT)
Year of publication 2014
300 ## - PHYSICAL DESCRIPTION
Number of Pages 177 p
650 ## - SUBJECT ADDED ENTRY--TOPICAL TERM
Topical Term C++ (Computer program language) Data structures (Computer science) Computer algorithms.
942 ## - ADDED ENTRY ELEMENTS (KOHA)
Koha item type Books
Holdings
Withdrawn status Lost status Source of classification or shelving scheme Damaged status Not for loan Permanent Location Current Location Shelving location Date acquired Accession Number Price effective from Koha item type
    Library of Congress Classification     NILE UNIVERSITY OF NIGERIA - MAIN LIBRARY NILE UNIVERSITY OF NIGERIA - MAIN LIBRARY Items on shelf 04/23/2025 0185219 04/23/2025 Books